NHL Teams- Category Elimination - Statistics

General Stats
  • This quiz has been taken 193 times
  • The average score is 11 of 20
Answer Stats
# Hint Answer % Correct
24 Team in the United States
96%
15 ...with a fan base under 800,000
95%
8 ...who have won a Stanley Cup
82%
24 Teams with red or blue as their team colors
82%
5 ...on the East Coast
76%
14 ...who have a total shootout score of over 160
68%
17 NHL team that had a player win the Hart Trophy after 1985
64%
10 ...who participated in the 2015 Stanley Cup Playoffs
63%
9 ...who had above 45 wins in the 2015 season
61%
7 ...who joined the league after 1975
53%
21 Team that was active during the 1990 season
53%
12 ...with a well-known rivalry with another team
53%
1 ...who's team captain has siblings in the NHL Carolina Hurricanes
53%
5 ...in the Western Conference
52%
5 ...with no red in their team colors
50%
3 ...whose home stadium is or above 18,000 capacity
42%
3 ...whose mascot is based off an actual animal
41%
1 ...with a color in the name of the team St. Louis Blues
21%
1 ...who was established the latest of all five teams Anaheim Ducks
20%
1 ...who have won a Stanley Cup Edmonton Oilers
17%
No matching quizzes found
Score Distribution
Percent of People with Each Score
Percentile by Number Answered
Your Score History
You have not taken this quiz